| 000 | 00746nam a2200229 a 4500 | ||
|---|---|---|---|
| 001 | 42380 | ||
| 003 | BD-RjUL | ||
| 005 | 20211209053531.0 | ||
| 008 | 160612s1969 ctua bs 001 0 eng | ||
| 035 | _a(BD-RjUL)42498 | ||
| 040 |
_aDLC _cDLC _dEQO _dBD-RjUL _beng |
||
| 041 | _aeng | ||
| 082 |
_a329.60074886 _223 _bHOF 1969 |
||
| 100 | 1 |
_aHolt, Michael F. _q(Michael Fitzgibbon) _9130343 |
|
| 245 | 1 | 0 |
_aForging a majority : _bthe formation of the Republican Party in Pittsburgh, 1848-1860. _c Michael F. Holt |
| 260 |
_aNew Haven : _bYale University Press, _c1969. |
||
| 300 |
_aix, 408 p. : _bill ; _c23 cm. |
||
| 500 | _aIndex | ||
| 504 | _aBibliography: p. 389-398. | ||
| 610 | 2 | 0 |
_aRepublican Party (Pittsburgh, Pa.) _9130344 |
| 942 |
_2ddc _cBK |
||
| 999 |
_c42380 _d42380 |
||